The Wars of America : Christian views /

Bibliographic Details
Other Authors: Wells, Ronald, 1941-
Format: Book
Language:English
Published: Grand Rapids, Mich. : Eerdmans, [1981]
Subjects:

MARC

Tag First Indicator Second Indicator Subfields
LEADER 00000pam a2200000 a 4500
001 in00000091386
005 20250911153806.2
008 810915s1981 miu b 000 0 eng
010 |a  81015194  
020 |a 0802818994 :  |c $8.95 (est.) 
035 |a (OCoLC)07837593 
035 |9 AAK3191AM 
039 0 |a 2  |b 3  |c 3  |d 3  |e 3 
040 |a DLC  |c DLC  |d TXA  |d UtOrBLW 
043 |a n-us--- 
049 |a TXAM  |c [1672541] 
050 0 0 |a E181  |b .W28 
082 0 |a 261.8/73/0973  |2 19 
245 0 4 |a The Wars of America :  |b Christian views /  |c edited by Ronald A. Wells. 
264 1 |a Grand Rapids, Mich. :  |b Eerdmans,  |c [1981] 
264 4 |c ©1981 
300 |a vii, 239 pages ;  |c 21 cm. 
336 |a text  |b txt  |2 rdacontent 
337 |a unmediated  |b n  |2 rdamedia 
338 |a volume  |b nc  |2 rdacarrier 
504 |a Includes bibliographical references. 
505 0 0 |t The American Revolution : partisanship, "just wars," and crusades /  |r George Marsden --  |t The War of 1812 /  |r Ralph Beebe --  |t The war with Mexico /  |r Ronald A. Wells --  |t The American Civil War : millennial hope, political chaos, and a two-sided "just war" /  |r Ronald D. Rietveld --  |t The Spanish-American War /  |r Augustus Cerillo, Jr. --  |t American involvement in World War I /  |r Robert Bolt --  |t World War II /  |r Richard V. Pierard --  |t The Korean and Vietnam Wars /  |r Robert C. Clouse --  |g Afterword -- and future word. 
650 0 |a War  |x Religious aspects. 
651 0 |a United States  |x History, Military  |x Religious aspects. 
700 1 |a Wells, Ronald,  |d 1941- 
999 |a MARS 
999 f f |s 46cf1c8c-e945-3deb-9128-69dd39c6fbfc  |i ea10e302-18e3-31ed-80ad-8ca562138aa1  |t 0 
952 f f |p ric  |a Texas A&M University  |b Rellis Campus  |c Joint Library Facility  |d Remote Storage  |t 0  |e E181 .W28  |h Library of Congress classification  |i unmediated -- volume  |m A14806105350 
952 f f |p noncirc  |a Texas A&M University  |b J.J. Pickle Campus  |c High Density Repository  |d Remote Storage  |t 0  |e E181 .W28 1981  |h Library of Congress classification  |i unmediated -- volume  |m A14853343413 
998 f f |a E181 .W28  |t 0  |l Remote Storage 
998 f f |a E181 .W28 1981  |t 0  |l Remote Storage